000
00220nam a22000857a 4500
008
170228b xxu||||| |||| 00| 0 eng d
100
_9
2956
_a
Madan.M.et al
245
_a
Let us talk in English-3
260
_a
New Delhi
_b
APC
_c
2012
999
_c
6200
_d
6200